[Event "Corr"]
[Site "?"]
[Date "2000.??.??"]
[Round "4.12"]
[White "Pagnoncelli Marco"]
[Black "Perenjon Jose"]
[Result "1-0"]
[WhiteElo "2082"]
[BlackElo "1400"]
[PlyCount "47"]
[EventDate "2000.??.??"]
[Source "www.chesslib.no"]
[SourceDate "2004.05.04"]

1. e4 e5 2. f4 exf4 3. Nf3 g5 4. d4 g4 5. Bxf4 gxf3 6. Qxf3 d6 7. Nc3 Nc6 8. Bc4 Nxd4 9. Bxf7+ Kxf7 10. Qh5+ Kg7 11. O-O-O Qf6 12. Nd5 Qg6 13. Qxg6+ hxg6 14. Rxd4 c5 15. Rd2 Nf6 16. Nc7 Rb8 17. Re1 Bg4 18. h3 Rc8 19. e5 Nh5 20. Bh2 Kg8 21. exd6 Bd7 22. Nd5 Rd8 23. g4 Kg7 24. Be5+ 1-0

[Event "Calvi FRA, Youth Ch 2005"]
[Site "?"]
[Date "2005.??.??"]
[Round "8.10"]
[White "Gertosio Franck"]
[Black "Legoupil Benoit"]
[Result "1-0"]
[WhiteElo "1748"]
[BlackElo "1680"]
[PlyCount "43"]
[EventDate "2005.??.??"]
[Source "www.chesslib.no"]
[SourceDate "2004.05.04"]

1. e4 e5 2. f4 exf4 3. Nf3 g5 4. d4 g4 5. Bxf4 gxf3 6. Qxf3 Bg7 7. Bc4 Qf6 8. e5 Qb6 9. Nc3 Ne7 10. Bg5 Qg6 11. Bxe7 Kxe7 12. O-O Rf8 13. Nd5+ Kd8 14. Qf2 Bh6 15. Qe1 Qxc2 16. Qh4+ f6 17. Rxf6 Ke8 18. Rxf8+ Kxf8 19. Qxh6+ Ke8 20. Nf6+ Ke7 21. Qg7+ Kd8 22. Qf8# 1-0

[Event "Staunton CC King´s Gambit theme-E"]
[Site "Groningen"]
[Date "2002.09.07"]
[Round "3"]
[White "Platje, Albert"]
[Black "Kruisinga, Bram"]
[Result "1/2-1/2"]
[WhiteElo "1667"]
[BlackElo "1731"]
[PlyCount "51"]
[EventDate "2002.09.??"]
[Source "ChessBase"]
[SourceDate "2002.11.06"]

1. e4 e5 2. f4 exf4 3. Nf3 g5 4. d4 Bg7 5. Bc4 Nh6 6. O-O O-O 7. Nc3 d6 8. Nxg5 Qxg5 9. Bxf4 Qg4 10. Qd2 Nc6 11. Bxh6 Bxd4+ 12. Kh1 Bg7 13. Nd5 Be6 14. Bxg7 Qxg7 15. Rf3 Kh8 16. Nf6 Qg6 17. Bxe6 fxe6 18. Raf1 Ne5 19. Rf4 Rf7 20. h4 Raf8 21. h5 Qh6 22. Qb4 Rxf6 23. Rxf6 Rxf6 24. Rxf6 Qxf6 25. Qxb7 Qh4+ 26. Kg1 1/2-1/2

[Event "Corr"]
[Site "?"]
[Date "2002.10.01"]
[Round "?"]
[White "Minge Bob"]
[Black "Bertel Michael"]
[Result "0-1"]
[WhiteElo "1504"]
[BlackElo "1708"]
[PlyCount "40"]
[EventDate "2002.??.??"]
[Source "www.chesslib.no"]
[SourceDate "2004.05.04"]

1. e4 e5 2. f4 exf4 3. Nf3 g5 4. d4 g4 5. Bxf4 gxf3 6. Qxf3 Nc6 7. Bc4 d5 8. Bxd5 Nxd4 9. Bxf7+ Kxf7 10. Qh5+ Kg7 11. O-O Be7 12. Be5+ Nf6 13. Na3 h6 14. Bxf6+ Bxf6 15. e5 Rf8 16. exf6+ Rxf6 17. c3 Nc6 18. Rxf6 Qxf6 19. Rf1 Qe7 20. Qf3 Be6 0-1

[Event "Staunton CC King´s Gambit theme-F"]
[Site "Groningen"]
[Date "2002.09.07"]
[Round "2"]
[White "Van Niekerk, Theo"]
[Black "Swemmer, Marijn"]
[Result "1-0"]
[WhiteElo "1617"]
[BlackElo "1560"]
[PlyCount "59"]
[EventDate "2002.09.??"]
[Source "ChessBase"]
[SourceDate "2002.11.06"]

1. e4 e5 2. f4 exf4 3. Nf3 g5 4. d4 g4 5. Ne5 Qh4+ 6. g3 fxg3 7. Qxg4 Qxg4 8. Nxg4 Nc6 9. c3 d6 10. Ne3 Nf6 11. Bg2 Rg8 12. Nd2 Bh6 13. Ndf1 gxh2 14. Bf3 Bf4 15. Nd5 Nxd5 16. exd5 Bxc1 17. dxc6 Bxb2 18. cxb7 Bxc3+ 19. Ke2 Rb8 20. bxc8=Q+ Rxc8 21. Rd1 Rb8 22. Kd3 Ba5 23. Bc6+ Kf8 24. Rxh2 Rb6 25. d5 Kg7 26. Ne3 Bb4 27. Rdh1 Kf6 28. Rxh7 Rg3 29. Rf1+ Kg5 30. Rg7+ 1-0

[Event "Nationale I (youth) rounds 4-11 2004/05"]
[Site "?"]
[Date "2004.12.20"]
[Round "6.7"]
[White "Catherine Pierre-Emmanuel"]
[Black "Giroyan Gary"]
[Result "0-1"]
[WhiteElo "1290"]
[BlackElo "1760"]
[PlyCount "82"]
[EventDate "2004.??.??"]
[Source "www.chesslib.no"]
[SourceDate "2004.05.04"]

1. e4 e5 2. f4 exf4 3. Nf3 g5 4. d4 Bg7 5. Nc3 d6 6. d5 Bg4 7. Be2 Qe7 8. h3 Bh5 9. g4 fxg3 10. Bxg5 Bxc3+ 11. bxc3 Qxe4 12. Rg1 Bxf3 13. Rxg3 Qxe2+ 14. Qxe2+ Bxe2 15. Kxe2 Nd7 16. Re3+ Ne5 17. Rf1 f6 18. Bxf6 Nxf6 19. Rxf6 O-O-O 20. Rg3 Rde8 21. Kd2 Rhg8 22. Rxg8 Rxg8 23. Ke3 Nd7 24. Re6 Kd8 25. c4 Rg3+ 26. Kf4 Rxh3 27. Kg4 Rh1 28. Kf5 Nc5 29. Rf6 Rf1+ 30. Kg5 Ne4+ 31. Kh6 Rxf6+ 32. Kxh7 Rf2 33. Kg6 Ke7 34. Kg7 Rg2+ 35. Kh6 Kf6 36. Kh5 Rg8 37. Kh4 Kf5 38. Kh3 Kf4 39. Kh2 Kf3 40. Kh1 Kf2 41. Kh2 Rh8# 0-1

[Event "Staunton CC King´s Gambit theme-G"]
[Site "?"]
[Date "2002.09.07"]
[Round "3"]
[White "Rietveld Dick"]
[Black "Staal Piet"]
[Result "0-1"]
[WhiteElo "1178"]
[BlackElo "1246"]
[PlyCount "54"]
[EventDate "2002.??.??"]
[Source "www.chesslib.no"]
[SourceDate "2004.05.04"]

1. e4 e5 2. f4 exf4 3. Nf3 g5 4. d4 g4 5. Ne5 Qh4+ 6. g3 fxg3 7. Qxg4 g2+ 8. Qxh4 gxh1=Q 9. Nc3 Be7 10. Qh5 d6 11. Qxf7+ Kd8 12. Bg5 dxe5 13. Qg7 Bh3 14. Bxe7+ Nxe7 15. O-O-O Rg8 16. dxe5+ Ke8 17. Qxg8+ Nxg8 18. Bxh3 Qxh2 19. Be6 Qh6+ 20. Kb1 Qxe6 21. Nd5 Qxe5 22. Rg1 Ne7 23. Nxe7 Kxe7 24. a3 Nd7 25. b3 Nc5 26. Ka2 Nxe4 27. Kb1 Rd8 0-1

[Event "Corr"]
[Site "?"]
[Date "2002.01.14"]
[Round "?"]
[White "Gaba Alf Holten"]
[Black "Sparkes William"]
[Result "0-1"]
[WhiteElo "1097"]
[BlackElo "1175"]
[PlyCount "34"]
[EventDate "2002.??.??"]
[Source "www.chesslib.no"]
[SourceDate "2004.05.04"]

1. e4 e5 2. f4 exf4 3. Nf3 g5 4. d4 g4 5. Ne5 Qh4+ 6. g3 fxg3 7. Bg2 gxh2+ 8. Kf1 d6 9. Nd3 Nc6 10. Be3 Bh6 11. Nf4 Nge7 12. Nc3 O-O 13. Nfd5 Nxd5 14. Nxd5 Bxe3 15. Nxe3 Qf6+ 16. Ke1 g3 17. Qd2 Nxd4 0-1